00343nam a2200121Ia 4500008004100000020002200041041000800063082002700071100001400098245004900112260005100161300000900212230411s9999 xx 000 0 und d a978-81-239-1754-2 aeng aF/610.73069/DYS/B05783 aDyson Sue aFundamental Aspects of Transcultural Nursing bCBS Publishers & DistributorsaNew Delhic2009 a124p